02119nam a2200265Ia 4500001000600000003000900006008004100015040001300056040001300069041001300082100001600095100002900111240004800140240003500188245006100223245006100284250001100345260000900356260001200365260004900377300005700426500130400483650003501787650003101822H1272IT-RoPAU130308s9999 xx 000 0 und d aIT-RoPAU cIT-RoPAU aITALIANO aBurke Peter gCodice Aut. SPICS: 8685 aUSES OF IMAGES AS HISTORICAL EVIDENCE (THE) gCodice Tit. Orig. Spics: T3309 aTestimoni oculari. Il significato storico delle immagini bTestimoni Oculari. Il Significato Storico delle Immagini a1a ed. aROMA bCarocci c2002 [1° Ed.:2002 - Ed.Ling.Originale:2001] a"258 p. (prefazione: no ; testo: 258 [pagine: 0-0])" a"L'Autore Dimostra Come L'Uso delle immagini Possa Arricchire in Modo Decisivo la Conoscenza del Passato e del Presente. Un Ritratto, una Statua, Un'Iscrizione, un Arazzo, e Piu' di Recente una fotografia o un Film, possono Rappresentare prove Storiche al pari di Quelle Piu' Tradizionali e ci Aiutano a comprendere Meglio Eventi e Contesti a Noi vicini o Lontani. Introduzione: Testimonianza delle Immagini: Fonti e Tracce, Varietà di Immagine. fotografie e Ritratti: Realismo Fotografico. Iconografia e Iconologia: idea Diiconografia; Scuola di Warburg; Esemplificazione e Critica del Metodo; Problema del Paesaggio. Sacro e Soprannaturale: immagini e Indottrinamento; culto delle Immagini; immagini e Devozione; immagini Polemiche; Crisi dell'Immagine. Potere e Protesta: immagini di Idee e di Individui; immagini Sovversive. Cultura Materiale e Immagini: Vedute di Citta'; Interni e Loro Arredamento; Pubblicità. Vedere la Societa': Bambini e Donne nella Vita Quotidiana; Reale e Ideale. stereotipi dell'Altro: Razze Mostruose. Narrazioni Visive: immagini dell'Attualita'; Leggere le Narrazioni; Scene di Battaglia; Serie e strisce Narrative; Film Come Testimonianza. Dal testimone Allo Storico. Oltre L'Iconografia? Storia Culturale delle Immagini: Storia Sociale dell'arte . Bibliografia." aTEORIA/LINGUAGGI DI ICONOLOGIA eCodice materia Spics: 5153